00346nam a2200157Ia 4500008004000000082001600040100001600056245002400072250000500096260003500101300001500136440000600151650000700157650000900164650001500173210210b2000 xxu||||| |||| 00| 0 eng d a657.42 ADIC aADIGA (K S) aCost Accounting V2 a aUdupibShubha Prakashanac2000 a1-18...... a2 aV2 aCost aAccounting